Návrh na zlepšovanie marketingovej komunikácie v organizácii uplatňujúcej princípy manažérstva kvality

Gespeichert in:
Bibliographische Detailangaben
1. Verfasser: Havel, Matej, 1975- (Verfasst von)
Weitere Verfasser: Šalgovičová, Jarmila, 1950- (Betreuung Doktorarbeit)
Format: Manuskript Buch
Sprache:Slowakisch
Veröffentlicht: Trnava : STU v Bratislave MTF UPMK, 2012
Schlagworte:
Online-Zugang:VAIS
Tags: Tag hinzufügen
Keine Tags, Fügen Sie das erste Tag hinzu!

MARC

LEADER 00000ntm a22000003a 4500
001 stu248841
005 20160719160649.4
008 120620s2012----xo------------------slo-d
040 |a STU  |b slo 
041 0 |a slo 
044 |a xo 
100 1 |a Havel, Matej,  |d 1975-  |4 aut  |X 51671  |7 A000051671 
242 0 0 |a Proposal to improve marketing communications company in the LAMDA-MODRA, s.r.o.  |y eng 
245 1 |a Návrh na zlepšovanie marketingovej komunikácie v organizácii uplatňujúcej princípy manažérstva kvality 
260 |a Trnava :  |b STU v Bratislave MTF UPMK,  |c 2012 
300 |a 71s  |c CD ROM 
650 7 |a inžinierstvo kvality produkcie  |2 stusub 
650 7 |a Engineering of Production Quality  |2 estusub 
650 7 |a marketing mix  |2 estusub 
650 7 |a marketingový mix  |2 stusub 
650 7 |a marketingová komunikácia  |2 stusub 
700 1 |a Šalgovičová, Jarmila,  |d 1950-  |4 ths  |u M4000  |U MTF Materiálovotechnologická fakulta  |T MTF Ústav priemyselného inžinierstva a manažmentu  |X 1492  |U M4000  |Y 84  |7 A000001492 
856 4 |a info a plný text  |u http://is.stuba.sk/zp/portal_zp.pl?podrobnosti=80194  |3 VAIS 
996 |c M*DP-10771  |l MMSKP  |s P  |a 0  |w stu248841_0001